| 000 | 01189nam a2200241 a 4500 | ||
|---|---|---|---|
| 001 | 000329444 | ||
| 003 | AM-YeHGA | ||
| 005 | 20251103153500.0 | ||
| 008 | 040421s1827 ru |||||r|||||000|| rus|d | ||
| 040 | _aAM-YeHGA | ||
| 041 | 0 | _arus | |
| 100 | 1 | _aАрзанов, Яков | |
| 245 | 1 | 0 |
_aОпыт начертания истории царства Армянского, сочиненный Я. и Д. Арзановыми : _bДревняя история, украшенная 26-ю гравированными картинами _cД. Арзанов |
| 246 | 1 | 4 | _aГалерея достопамятных царей Армении |
| 260 |
_aМосква : _bВ Тип. Семена Селивановскаго, _c1827. |
||
| 300 |
_a[6], XXII, [2], 182 с. : _b25 вкл. л. портр. ;. |
||
| 500 | _aНа обл. : Иждивением сочинителей. | ||
| 650 | 1 | 4 |
_aИстория Армении _xДревняя история _xЦарства |
| 650 | 1 | 4 | _aЦари Армении |
| 700 | 1 | _aАрзанов, Давыд | |
| 856 |
_uhttps://arar.sci.am/dlibra/publication/432191/edition/399260/content _yԿարդալ առցանց |
||
| 942 |
_2udc _cBK _01 |
||
| 999 |
_c123203 _d123203 |
||